[Event "London Classic op U1750 8th"]
[Site "London"]
[Date "2016.12.16"]
[Round "5"]
[White "Brown, Terry"]
[Black "Levene, Oren"]
[Result "0-1"]
[WhiteElo "1573"]
[BlackElo "1467"]
[PlyCount "34"]
[EventDate "2016.12.12"]
[EventType "swiss"]
[EventRounds "5"]
[EventCountry "ENG"]
[SourceTitle "EXT 2019"]
[Source "ChessBase"]
[SourceDate "2018.10.10"]
[SourceVersion "1"]
[SourceVersionDate "2018.10.10"]
[SourceQuality "1"]

1. d4 d5 2. Bf4 c6 3. e3 Nf6 4. Nd2 Bf5 5. c3 Qb6 6. Qb3 Nbd7 7. Ngf3 Nh5 8. Bg5 h6 9. Bh4 g5 10. Bg3 Nxg3 11. hxg3 Bg7 12. Qa3 e5 13. dxe5 Nxe5 14. Nxe5 Bxe5 15. Nf3 Bxg3 16. Nxg5 Qxe3+ 17. Be2 Bd3 0-1

[Event "London op Congress August U1900"]
[Site "London"]
[Date "2013.08.25"]
[Round "3"]
[White "Levene, Oren"]
[Black "Zhao, Haolin"]
[Result "0-1"]
[WhiteElo "1730"]
[BlackElo "1259"]
[PlyCount "146"]
[EventDate "2013.08.24"]
[EventType "swiss"]
[EventRounds "6"]
[EventCountry "ENG"]
[SourceTitle "EXT 2023"]
[Source "ChessBase"]
[SourceDate "2022.10.05"]
[SourceVersion "1"]
[SourceVersionDate "2022.10.05"]
[SourceQuality "1"]

1. d4 Nf6 2. Nf3 e6 3. e3 c5 4. Bd3 d5 5. b3 Nc6 6. Bb2 cxd4 7. exd4 Bd6 8. 0-0 0-0 9. a3 Bd7 10. Ne5 Qc7 11. f4 Qb6 12. Nxd7 Nxd7 13. Rf3 Nxd4 14. Bxh7+ Kxh7 15. Rh3+ Kg8 16. Bxd4 Bc5 17. Bxc5 Nxc5 18. Kf1 Ne4 19. Qe2 Rac8 20. Ra2 Qa6 21. c4 Qb6 22. Nc3 Nxc3 23. Rxc3 Qd4 24. Qe5 Qxe5 25. fxe5 dxc4 26. bxc4 Rfd8 27. Rb2 b6 28. Ke2 Rd4 29. Rbc2 Re4+ 30. Kd3 Rxe5 31. Kd4 Ra5 32. h3 Kf8 33. g4 Ke7 34. h4 Rd8+ 35. Ke4 f6 36. h5 Re5+ 37. Kf3 Rd4 38. a4 Ree4 39. c5 e5 40. c6 Rf4+ 41. Ke3 Kd8 42. c7+ Kc8 43. a5 Rxg4 44. axb6 axb6 45. Rc6 Rd7 46. Kf3 Rgd4 47. Re6 Rxc7 48. Rxc7+ Kxc7 49. Re7+ Rd7 50. Rxd7+ Kxd7 51. Ke4 Ke6 52. Ke3 f5 53. Kd3 e4+ 54. Ke3 b5 55. Kd4 Kf6 56. Kc3 Kg5 57. Kd2 Kxh5 58. Ke2 g5 59. Kd2 f4 60. Kc2 b4 61. Kd2 e3+ 62. Ke2 b3 63. Kd1 b2 64. Kc2 e2 65. Kxb2 e1Q 66. Kc2 f3 67. Kd3 f2 68. Kd4 f1Q 69. Kd5 Qf4 70. Kc5 Qee5+ 71. Kc6 Qff6+ 72. Kd7 Qee7+ 73. Kc8 Qff8# 0-1

[Event "London op Congress August U1900"]
[Site "London"]
[Date "2013.08.24"]
[Round "1"]
[White "Balouka Myers, Reuben"]
[Black "Levene, Oren"]
[Result "1-0"]
[WhiteElo "1545"]
[BlackElo "1730"]
[PlyCount "151"]
[EventDate "2013.08.24"]
[EventType "swiss"]
[EventRounds "6"]
[EventCountry "ENG"]
[SourceTitle "EXT 2023"]
[Source "ChessBase"]
[SourceDate "2022.10.05"]
[SourceVersion "1"]
[SourceVersionDate "2022.10.05"]
[SourceQuality "1"]

1. e4 c6 2. c4 d5 3. exd5 cxd5 4. cxd5 Nf6 5. Nf3 g6 6. Bc4 Bg7 7. Qb3 0-0 8. 0-0 Nbd7 9. d6 e6 10. d4 Nb6 11. Bf4 Ne4 12. Nc3 Nxd6 13. Bxd6 Qxd6 14. Nb5 Qf4 15. Rac1 a6 16. g3 Qb8 17. Na3 Nxc4 18. Nxc4 b5 19. Na5 Qb6 20. Qb4 Bb7 21. Nxb7 Qxb7 22. Ne5 a5 23. Qb3 Rac8 24. Qa3 Qb6 25. Nd7 Qd8 26. Nxf8 Rxc1 27. Rxc1 Bxf8 28. Qc3 b4 29. Qd3 Qd5 30. b3 e5 31. Rc4 Be7 32. Qe3 Bd6 33. dxe5 Qd1+ 34. Kg2 Qd5+ 35. Qe4 Qxe5 36. Qxe5 Bxe5 37. Rc5 Bc3 38. Rxa5 Bb2 39. Rb5 Bc3 40. Ra5 Bb2 41. Kf3 Kg7 42. Ra4 Ba3 43. Ke4 Kf6 44. Kd4 Ke6 45. Kc4 f5 46. Rxb4 Bxb4 47. Kxb4 Kd5 48. Kb5 Ke4 49. a4 Kf3 50. a5 Kxf2 51. a6 Kg2 52. a7 Kxh2 53. a8Q Kxg3 54. Qb7 g5 55. Qxh7 f4 56. Qd3+ f3 57. Qd6+ Kh3 58. Qh6+ Kg4 59. Qh2 Kf5 60. Qg3 g4 61. Kc5 Ke4 62. Qxg4+ Ke3 63. Qxf3+ Kxf3 64. b4 Ke4 65. b5 Ke5 66. b6 Ke6 67. b7 Ke5 68. b8Q+ Ke4 69. Qd6 Kf5 70. Kd5 Kg4 71. Qf8 Kg3 72. Ke4 Kg2 73. Qf3+ Kh2 74. Qg4 Kh1 75. Kf3 Kh2 76. Qg2# 1-0